Letter by letter - Countries #4 - Statistics

General Stats
  • This quiz has been taken 45 times
  • The average score is 41 of 45
Answer Stats
Answer % Correct
I
100%
In
100%
Ind
100%
T
100%
G
98%
Gu
98%
Indo
98%
Indon
98%
Indone
98%
Indones
98%
Indonesi
98%
Indonesia
98%
Q
98%
Tu
98%
U
98%
Qa
95%
Qat
95%
Qata
95%
Qatar
95%
Gui
93%
Guin
93%
Guine
93%
Guinea
93%
Tuv
93%
Tuva
93%
Un
93%
Uni
93%
Guinea B
90%
Guinea Bi
90%
Tuval
90%
Tuvalu
90%
Unit
90%
Unite
90%
United
90%
Guinea Bis
88%
United K
88%
United Ki
88%
United Kin
85%
United King
85%
United Kingd
85%
Guinea Biss
83%
United Kingdo
83%
United Kingdom
83%
Guinea Bissa
78%
Guinea Bissau
75%
No matching quizzes found
Score Distribution
Percent of People with Each Score
Percentile by Number Answered
Your Score History
You have not taken this quiz